00662nam a2200229 a 4500001001300000003000900013005001700022008004100039020002300080082001400103100002600117245002700143260003200170300000900202500003500211650001300246700002600259902000800285942000700293952011500300999001700415nice12345678IN_TiNIC20260116014619.0070412s2005 newa grp 000 0 eng  a0826477011 c12500a230bSCH4 aSchillebeeckx, Edward aGod Is New Each Moment aNew York bContinuum c2005 a133p aincludes index and biblioraphy aTheology1 aSchillebeeckx, Edward bSRS cBK 001040708StackRoom-aHMIbHMId2007-04-12g125.00l0o230 SCH4p021592r2007-04-12v125.00w2007-04-12yBK c16241d16241